Branches of Mathematics - Statistics

General Stats
  • This quiz has been taken 61 times
  • The average score is 5 of 8
Answer Stats
Hint Answer % Correct
Study of relative sizes, positions or properties of shapes Geometry
91%
Dealing with unknown factors Algebra
90%
Study of ongoing change Calculus
83%
Research on integers Number Theory
72%
Analysing facts with the use of Mathematics Statistics
62%
Process of ascribing value for an event Probability
59%
Understanding the subject Logic
48%
Research on discrete structures that are countable Combinatorics
29%
No matching quizzes found
Score Distribution
Percent of People with Each Score
Percentile by Number Answered
Your Score History
You have not taken this quiz